<?xml version="1.0" encoding="UTF-8"?><?xml-stylesheet type="text/xsl" href="static/style.xsl"?><OAI-PMH xmlns="http://www.openarchives.org/OAI/2.0/" xmlns:xsi="http://www.w3.org/2001/XMLSchema-instance" xsi:schemaLocation="http://www.openarchives.org/OAI/2.0/ http://www.openarchives.org/OAI/2.0/OAI-PMH.xsd"><responseDate>2026-04-13T02:15:14Z</responseDate><request verb="GetRecord" identifier="oai:www.recercat.cat:2072/439978" metadataPrefix="marc">https://recercat.cat/oai/request</request><GetRecord><record><header><identifier>oai:recercat.cat:2072/439978</identifier><datestamp>2025-04-03T05:13:24Z</datestamp><setSpec>com_2072_98</setSpec><setSpec>col_2072_378192</setSpec></header><metadata><record xmlns="http://www.loc.gov/MARC21/slim" xmlns:dcterms="http://purl.org/dc/terms/" xmlns:xsi="http://www.w3.org/2001/XMLSchema-instance" xmlns:doc="http://www.lyncode.com/xoai" xsi:schemaLocation="http://www.loc.gov/MARC21/slim http://www.loc.gov/standards/marcxml/schema/MARC21slim.xsd">
   <leader>00925njm 22002777a 4500</leader>
   <datafield ind2=" " ind1=" " tag="042">
      <subfield code="a">dc</subfield>
   </datafield>
   <datafield ind2=" " ind1=" " tag="720">
      <subfield code="a">Parcerisa, Lluís</subfield>
      <subfield code="e">author</subfield>
   </datafield>
   <datafield ind2=" " ind1=" " tag="720">
      <subfield code="a">Villalobos, Cristóbal</subfield>
      <subfield code="e">author</subfield>
   </datafield>
   <datafield ind2=" " ind1=" " tag="720">
      <subfield code="a">Universitat Autònoma de Barcelona. Grup de Recerca Globalització, Educació i Politiques Socials</subfield>
      <subfield code="e">author</subfield>
   </datafield>
   <datafield ind2=" " ind1=" " tag="260">
      <subfield code="c">2020</subfield>
   </datafield>
   <datafield ind2=" " ind1=" " tag="520">
      <subfield code="a">El artículo busca analizar la campaña Alto al SIMCE en Chile, mediante un marco analítico que combina distintas herramientas heurísticas de las teorías de movimientos sociales. Específicamente, el artículo explora los marcos discursivos presentes en las narrativas del movimiento, así como también aspectos vinculados a la formación y trayectoria de la campaña, la identidad colectiva, las alianzas y los repertorios de acción colectiva empleados por los actores para tratar de incidir en las políticas educativas. A nivel metodológico, el artículo se basa en un estudio de caso, con una aproximación cualitativa que combina el análisis documental y de prensa con entrevistas semi-estructuradas a activistas. Los resultados ofrecen reflexiones y conocimiento novedoso sobre los factores externos e internos que pueden favorecer y/o dificultar el éxito de la acción colectiva contra la rendición de cuentas basada en pruebas estandarizadas en el campo educacional.</subfield>
   </datafield>
   <datafield ind2=" " ind1=" " tag="520">
      <subfield code="a">The main objective of the article is to analyze the Alto al SIMCE (Stop the SIMCE) campaign in Chile through an analytical framework that combines different heuristic tools from social movement theories. Specifically, the article explores the discursive frames present in the narratives of the movement, as well as aspects related to the formation and trajectory of the campaign, collective identity, alliances and repertoires of collective action used by activists to influence educational policies. At the methodological level, the article is based on a case study with a qualitative approach and combines documentary and press analysis with semi-structured interviews. The results offer reflections and novel insights about external and internal factors that can favor and/or hinder the success of collective action against test-based accountability in the educational field.</subfield>
   </datafield>
   <datafield tag="653" ind2=" " ind1=" ">
      <subfield code="a">Alto al SIMCE</subfield>
   </datafield>
   <datafield tag="653" ind2=" " ind1=" ">
      <subfield code="a">Movimientos sociales</subfield>
   </datafield>
   <datafield tag="653" ind2=" " ind1=" ">
      <subfield code="a">Rendición de cuentas</subfield>
   </datafield>
   <datafield tag="653" ind2=" " ind1=" ">
      <subfield code="a">Pruebas estandarizadas</subfield>
   </datafield>
   <datafield tag="653" ind2=" " ind1=" ">
      <subfield code="a">Resistencia</subfield>
   </datafield>
   <datafield tag="653" ind2=" " ind1=" ">
      <subfield code="a">Social moviments</subfield>
   </datafield>
   <datafield tag="653" ind2=" " ind1=" ">
      <subfield code="a">Accountability</subfield>
   </datafield>
   <datafield tag="653" ind2=" " ind1=" ">
      <subfield code="a">Standardized tests</subfield>
   </datafield>
   <datafield tag="653" ind2=" " ind1=" ">
      <subfield code="a">Resistance</subfield>
   </datafield>
   <datafield ind2="0" ind1="0" tag="245">
      <subfield code="a">Movimientos sociales y resistencia al accountability en Chile : estrategias discursivas, identidad y acciones de la campaña Alto al SIMCE</subfield>
   </datafield>
</record></metadata></record></GetRecord></OAI-PMH>